| 000 | 01478cam a2200385 a 4500 | ||
|---|---|---|---|
| 999 |
_c98 _d98 |
||
| 001 | 14617486 | ||
| 003 | OSt | ||
| 005 | 20190725153435.0 | ||
| 008 | 061031s2007 mnu c 000 1 eng | ||
| 010 | _a 2006048818 | ||
| 020 | _a9780738710181 | ||
| 020 | _a0738710180 | ||
| 035 | _a(OCoLC)ocm84835503 | ||
| 035 | _a(OCoLC)84835503 | ||
| 037 |
_a1265837 _bQBI |
||
| 040 |
_aDLC _cDLC _dQBX |
||
| 042 | _alcac | ||
| 082 | 0 | 0 |
_aFIC ELK _222 |
| 100 | 1 |
_aElkeles, Simone. _eauthor |
|
| 245 | 1 | 0 |
_aLeaving Paradise / _cSimone Elkeles. |
| 250 | _a10th anniversary ed. | ||
| 260 |
_aWoodbury, Minn. : _bFlux, _c2007. |
||
| 300 |
_a303 p. ; _c21 cm. |
||
| 520 | _aIn alternating chapters, seventeen-year-olds Caleb and Maggie relate the difficulties of readjusting to school, and changing relationships with family, friends, and one another, a year after a drunk driving accident sent her to the hospital with a crippling leg injury and him to prison. | ||
| 650 | 1 |
_aPeople with disabilities _vFiction. |
|
| 650 | 1 |
_aHigh schools _vFiction. |
|
| 650 | 1 |
_aSchools _vFiction. |
|
| 650 | 1 |
_aFamily problems _vFiction. |
|
| 650 | 1 |
_aSecrets _vFiction. |
|
| 650 | 1 |
_aOld age _vFiction. |
|
| 650 | 1 |
_aSelf-actualization (Psychology) _vFiction. |
|
| 906 |
_a7 _bcbc _corignew _d1 _eocip _f20 _gy-gencatlg |
||
| 942 |
_2ddc _cFIC |
||